Career development interventions in the 21st century / (Record no. 330921)

000 -LEADER
fixed length control field 02011cam a2200337 a 4500
001 - CONTROL NUMBER
control field 17048490
003 - CONTROL NUMBER IDENTIFIER
control field NUST
005 - DATE AND TIME OF LATEST TRANSACTION
control field 20180117090028.0
008 - FIXED-LENGTH DATA ELEMENTS--GENERAL INFORMATION
fixed length control field 111117s2013 mau b 001 0 eng
010 ## - LIBRARY OF CONGRESS CONTROL NUMBER
LC control number 2011047148
020 ## - INTERNATIONAL STANDARD BOOK NUMBER
International Standard Book Number 9780132658591
020 ## - INTERNATIONAL STANDARD BOOK NUMBER
International Standard Book Number 0132658593
040 ## - CATALOGING SOURCE
Original cataloging agency DLC
Transcribing agency DLC
042 ## - AUTHENTICATION CODE
Authentication code pcc
050 00 - LIBRARY OF CONGRESS CALL NUMBER
Classification number HF5381
Item number .N547 2013
082 00 - DEWEY DECIMAL CLASSIFICATION NUMBER
Classification number 650.14
Edition number 23
100 1# - MAIN ENTRY--PERSONAL NAME
Personal name Niles, Spencer G.
9 (RLIN) 4034
245 10 - TITLE STATEMENT
Title Career development interventions in the 21st century /
Statement of responsibility, etc. Spencer G. Niles, JoAnn Harris-Bowlsbey.
250 ## - EDITION STATEMENT
Edition statement 4th ed.
260 ## - PUBLICATION, DISTRIBUTION, ETC.
Place of publication, distribution, etc. Boston :
Name of publisher, distributor, etc. Pearson,
Date of publication, distribution, etc. c2013.
300 ## - PHYSICAL DESCRIPTION
Extent 486 p. ; 24 cm.
500 ## - GENERAL NOTE
General note Includes bibliographic references and index.
505 0# - FORMATTED CONTENTS NOTE
Formatted contents note Introduction to career development interventions -- Understanding and applying theories of career development -- Understanding and applying recent theories of career development -- Providing culturally competent career development interventions -- Assessment and career planning -- Career information and resources -- Using technology to support career counseling and planning -- Career counseling strategies and techniques for the 21st century -- Designing, implementing, and evaluating career -- Development programs and services -- Career development interventions in the elementary schools -- Career development interventions in middle and high schools -- Career development interventions in higher education -- Career development interventions in community settings -- Ethical issues in career development interventions.
650 #0 - SUBJECT ADDED ENTRY--TOPICAL TERM
Topical term or geographic name entry element Career development.
9 (RLIN) 4030
650 #0 - SUBJECT ADDED ENTRY--TOPICAL TERM
Topical term or geographic name entry element Career development
Form subdivision Case studies.
9 (RLIN) 4123
700 1# - ADDED ENTRY--PERSONAL NAME
Personal name Harris-Bowlsbey, JoAnn.
9 (RLIN) 4033
906 ## - LOCAL DATA ELEMENT F, LDF (RLIN)
a 7
b cbc
c orignew
d 1
e ecip
f 20
g y-gencatlg
942 ## - ADDED ENTRY ELEMENTS (KOHA)
Source of classification or shelving scheme
Koha item type Book
Holdings
Withdrawn status Lost status Source of classification or shelving scheme Damaged status Not for loan Collection code Permanent Location Current Location Shelving location Date acquired Total Checkouts Full call number Barcode Date last seen Date last checked out Price effective from Koha item type
            Central Library (CL) Central Library (CL) General Stacks 08/24/2017 1 650.14 NIL S3H-C-48 02/26/2020 09/05/2019 08/24/2017 Book
© 2023 Central Library, National University of Sciences and Technology. All Rights Reserved.